Trivialroman /

Bibliographic Details
Main Author: Schädlich, Hans Joachim
Format: Book
Language:German
Published: [Reinbek bei Hamburg] : Rowohlt, 1998.
Edition:1. Aufl.

MARC

Tag First Indicator Second Indicator Subfields
LEADER 00000cam a2200000 a 4500
001 in00001406445
005 20151020072704.0
008 980417s1998 gw 000 1 ger d
020 |a 349806326X 
035 |a (OCoLC)38974349 
035 |9 AHQ3382AM 
040 |a NYP  |c NYP  |d IXA  |d TXA  |d UtOrBLW 
049 |a TXAM 
090 |a PT2680.A349  |b T75 1998 
100 1 |a Schädlich, Hans Joachim. 
245 1 0 |a Trivialroman /  |c Hans Joachim Schädlich. 
250 |a 1. Aufl. 
264 1 |a [Reinbek bei Hamburg] :  |b Rowohlt,  |c 1998. 
300 |a 157 pages ;  |c 21 cm. 
336 |a text  |b txt  |2 rdacontent 
337 |a unmediated  |b n  |2 rdamedia 
338 |a volume  |b nc  |2 rdacarrier 
948 |a c:jal 
999 |a MARS 
999 f f |s a9c132b6-29fa-3576-ad4c-df02262ebfdb  |i 77b2d5d2-c1ec-33cb-a460-6353cf14a7f6  |t 0 
952 f f |p ric  |a Texas A&M University  |b Rellis Campus  |c Joint Library Facility  |d Remote Storage  |t 0  |e PT2680.A349 T75 1998  |h Library of Congress classification  |i unmediated -- volume  |m A14823307460 
998 f f |a PT2680.A349 T75 1998  |t 0  |l Remote Storage